| 000 | 01021nam a22003015a 4500 | ||
|---|---|---|---|
| 005 | 20150813140810.0 | ||
| 008 | 150813t2002 njua|||fr|||| 00| 0 eng d | ||
| 010 | _a 2001046541 | ||
| 020 | _a047105920X (pbk. : alk. paper) | ||
| 020 | _a9780471059202 | ||
| 040 |
_aEG-ScBUE _beng _cEG-ScBUE |
||
| 082 | 0 | 4 |
_a620 _bWRI _222 |
| 100 | 1 | _aWright, Paul H. | |
| 245 | 1 | 0 |
_aIntroduction to engineering / _cPaul H. Wright. |
| 250 | _a3rd ed. | ||
| 260 |
_aNew York : _bJohn Wiley & Sons , _cc.2002. |
||
| 300 |
_axi, 276 p. : _bill. ; _c24 cm. |
||
| 500 | _aIndex : p. 273-276. | ||
| 504 | _aIncludes bibliographical references. | ||
| 590 | _ayassmeen ashraf | ||
| 650 | 0 |
_aEngineering. _2BUEsh |
|
| 651 | _2BUEsh | ||
| 653 |
_bENGGEN _cAugust2015 |
||
| 655 |
_vreading book _934232 |
||
| 856 | 4 | 2 |
_3Publisher description _uhttp://www.loc.gov/catdir/description/wiley036/2001046541.html |
| 856 | 4 | 2 |
_3Table of contents _uhttp://www.loc.gov/catdir/toc/wiley021/2001046541.html |
| 942 |
_cTB _k620 WRI _2ddc |
||
| 999 |
_c10166 _d5029 |
||